000
00279nam a2200109Ia 4500
008
201216s9999 xx 000 0 und d
100
_a
Odiorne, George S.
245
0
_a
Management decisions by objectives
260
_a
Englewood Cliffs
_b
Prentice Hall
300
_a
252
942
_c
BK
999
_c
6138
_d
6138